000 00528nam a2200181Ia 4500
005 20250508163640.0
008 008 250505s9999 xx 000 0 eng d
037 _aTextual
040 _aFEDL
_beng
_cFEDL
041 _aeng
_2eng
084 _a371.97, MUR
_qFEDL
100 _aMuralidharan V
245 0 _aEducational priorities and dalit society
260 _aNew Delhi, India
_bKanishaka Publishers, Distributors
_c1997
300 _avi,244p.
942 _cTEXL
_h371.97, MUR
999 _c1384511
_d1384511